000 01463nam a2200337Ia 4500
001 ebr10292340
003 CaPaEBR
006 m u
007 cr cn|||||||||
008 090710s2009 enka sb 101 0 eng d
020 _z9781847354136
020 _z9781847353740
040 _aCaPaEBR
_cCaPaEBR
035 _a(OCoLC)647751823
050 1 4 _aTA472
_b.W66 2009eb
100 1 _aWood, P. K. C.
_q(Paul K. C.)
245 1 0 _aStrain rate testing of metallic materials and their modelling for use in CAE based automotive crash simulation tools (recommendations and procedures)
_h[electronic resource] /
_cP.K.C. Wood and C.A. Schley.
260 _aShawbury, U.K. :
_bSmithers Rapra,
_c2009.
300 _avii, 93 p. :
_bill.
504 _aIncludes bibliographical references and index.
533 _aElectronic reproduction.
_bPalo Alto, Calif. :
_cebrary,
_d2011.
_nAvailable via World Wide Web.
_nAccess may be limited to ebrary affiliated libraries.
650 0 _aAutomobiles
_xCrashworthiness
_xComputer simulation.
650 0 _aAutomobiles
_xCrash tests.
650 0 _aAutomobiles
_xDesign and construction.
650 0 _aMetals
_xStress corrosion
_xTesting.
650 0 _aAlloys
_xFatigue
_xTesting.
655 7 _aElectronic books.
_2local
700 1 _aSchley, C. A.
_q(Claus A.)
710 2 _aebrary, Inc.
856 4 0 _uhttp://site.ebrary.com/lib/rucke/Doc?id=10292340
_zAn electronic book accessible through the World Wide Web; click to view
999 _c75551
_d75551